000 00441nam a2200169Ia 4500
008 230711s9999||||xx |||||||||||||| ||und||
020 _a0-471-28533-1
041 _aENG
082 _a720.1
_bJO-T
100 _aJohnson, Paul-Alan
245 4 _aThe Theory of Architecture: Concepts, Themese & Practices
250 _a1st Ed.
260 _c1994
_aNew York
_bJohn Wiley & Sons.Inc
300 _a486p.
650 _aArchitecture
942 _cBK
999 _c6892
_d6892